LDR 00831naa#a2200169#i#450# 001 RU\\bibl\122394 005 20260606160304.6 011 ## _a2414-3995 100 ## _a20260311b2026####ek#y0rusy0150####ca 102 ## _aRU 200 1# _aВлияние маркировки товаров на обеспечение экономической безопасности России _eЖурнальная статья 210 1# _aМосква _cМосковский университет МВД России имени В.Я. Кикотя _d2026 215 ## _a6 с. 608 ## _aЖурнальная статья _2local 675 ## _aЭкономическая политика. Управление и планирование в экономике. 338.2 _z 700 #1 _aМинаков _gАндрей Владимирович 856 4# _amosumvd.editorum.ru _u